000 00576nam a2200181Ia 4500
008 151202s9999||||xx |||||||||||||| ||und||
082 _bPNVM-3264
100 _aताम्हनकर ना.ाो.
245 _aमाईची माया.
260 _bदेशमुख आणि कंपनी.पुणे.
260 _c0
300 _a0
600 _aताम्हनकर ना.ाो.
630 _aमाईची माया.
700 _aताम्हनकर ना.ाो.
730 _aमाईची माया.
942 _cBOOK
999 _c1269262
_d1269259